书目信息 |
| 题名: |
史上最简单的问题解决手册
|
|
| 作者: | 克罗格鲁斯 , 塞普勒 著 ;胡玮珊 译 | |
| 分册: | ||
| 出版信息: | 北京 中国青年出版社 2013.01 |
|
| 页数: | 164页 | |
| 开本: | 20cm | |
| 丛书名: | ||
| 单 册: | ||
| 中图分类: | B842.5 | |
| 科图分类: | ||
| 主题词: | 问题解决 (心理学)--wen ti jie jue ( xin li xue )--基本知识 | |
| 电子资源: | ||
| ISBN: | 978-7-5153-1096-1 | |
| 000 | 01396nam0 2200289 450 | |
| 001 | 202021193488 | |
| 005 | 20211025120141.0 | |
| 010 | @a978-7-5153-1096-1@dCNY28.00 | |
| 100 | @a20210930d2013 em y0chiy50 ea | |
| 101 | 1 | @achi@cswe@cger |
| 102 | @aCN@b110000 | |
| 105 | @aa z 000yy | |
| 106 | @ar | |
| 200 | 1 | @a史上最简单的问题解决手册@Ashi shang zui jian dan de wen ti jie jue shou ce@e高效能人士做决定的51个思考模型@f麦克·克罗格鲁斯, 罗曼·塞普勒著@d= 50 Erfolgsmodelle@ekleines handbuch fur strategische entscheidungen@fMickael Krogerus, Roman Tschappeler@g胡玮珊译@zswe |
| 210 | @a北京@c中国青年出版社@d2013.01 | |
| 215 | @a164页@c图@d20cm | |
| 306 | @a由大块文化出版公司 (台湾) 授权 | |
| 330 | @a本书是一本工具书, 罗列了51个最佳的思考模型, 针对每一个问题可能存在的情境, 提供了简明的解决思路, 让你清楚所处状况, 从而协助你做出各式各样的关键决定。 | |
| 510 | 1 | @a50 Erfolgsmodelle@ekleines handbuch fur strategische entscheidungen@zswe |
| 517 | 1 | @a高效能人士做决定的51个思考模型@Agao xiao neng ren shi zuo jue ding de 51 ge si kao mo xing |
| 606 | 0 | @a问题解决 (心理学)@Awen ti jie jue ( xin li xue )@x基本知识 |
| 690 | @aB842.5@v5 | |
| 701 | 1 | @a克罗格鲁斯@Ake luo ge lu si@g(Krogerus, Mickael)@4著 |
| 701 | 1 | @a塞普勒@Asai pu le@g(Tschappeler, Roman)@4著 |
| 702 | 0 | @a胡玮珊@Ahu wei shan@4译 |
| 801 | 0 | @aCN@c20210909 |
| 905 | @a河南城建学院图书馆@dB842.5@eK661 | |
| 史上最简单的问题解决手册:高效能人士做决定的51个思考模型/麦克·克罗格鲁斯, 罗曼·塞普勒著= 50 Erfolgsmodelle:kleines handbuch fur strategische entscheidungen/Mickael Krogerus, Roman Tschappeler/胡玮珊译.-北京:中国青年出版社,2013.01 |
| 164页:图;20cm |
| ISBN 978-7-5153-1096-1:CNY28.00 |
| 本书是一本工具书, 罗列了51个最佳的思考模型, 针对每一个问题可能存在的情境, 提供了简明的解决思路, 让你清楚所处状况, 从而协助你做出各式各样的关键决定。 |
| ● |
| 相关链接 |
|
|
|
正题名:史上最简单的问题解决手册
索取号:B842.5/K661
 
预约/预借
| 序号 | 登录号 | 条形码 | 馆藏地/架位号 | 状态 | 备注 |
| 1 | 1542577 | 215425779 | 社科库509/509社科库 36排2列2层/ [索取号:B842.5/K661] | 在馆 | |
| 2 | 1542578 | 215425788 | 社科库509/509社科库 36排2列2层/ [索取号:B842.5/K661] | 在馆 | |
| 3 | 1542579 | 215425797 | 社科库509/509社科库 36排2列2层/ [索取号:B842.5/K661] | 在馆 |